000 00354nam a22001217a 4500
008 150520b xxu||||| |||| 00| 0 eng d
020 _a9780071475259
020 _a0071475257
041 0 _aeng
080 _a658.4
245 1 4 _aThe road to organic growth :
_cEdward D. Hess.
942 _2udc
_cBK
999 _c873
_d873